000 00633nam a2200229Ia 4500
003 OSt
005 20220923225428.0
006 a|||||r|||| 00| 0
007 ta
008 220922b |||||||| |||| 00| 0 pan d
024 _a267,906
037 _cTextual
040 _aARTS
_cARTS
_bpan
041 _2pan
_apan
082 _aO13,2:g, 153L3
100 _aਸਿੰਘ, ਹਰਿਭਜਨ, ਥਦ.
245 0 _aਤ੍ਰਾਸਦੀ
260 _c1973
650 _aਗ੍ਰੀਕ ਸਾਹਿਤ
942 _hO13,2:g, 153L3
_cTEXL
_2CC
999 _c378243
_d378243